|
|
|
|
| LEADER |
00000nam a2200000 a 4500 |
| 001 |
vtls001442039 |
| 003 |
SK-MaSNL |
| 005 |
20260302035737.0 |
| 008 |
240530sm y0 au a r 0000yyger |
| 020 |
|
|
|a 370690117X
|c [939,00]
|
| 035 |
|
|
|a SNK000397249
|
| 040 |
|
|
|a SNK
|b slo
|c SNK
|e AACR2
|
| 044 |
|
|
|a au
|c AT
|
| 072 |
|
7 |
|a 811.112.2
|2 konspekt
|
| 072 |
|
7 |
|a 811.1/.8
|x Rôzne jazyky
|2 konspekt
|
| 080 |
|
|
|a 811.112.2
|2 1981
|
| 080 |
|
|
|a 811.1/.2
|2 1981
|
| 080 |
|
|
|a 81'362
|2 1981
|
| 080 |
|
|
|a 81-115
|2 1981
|
| 080 |
|
|
|a 81'373.45
|2 1981
|
| 100 |
1 |
|
|a Ernst, Peter,
|d 1961-
|4 aut
|9 135538
|
| 245 |
1 |
4 |
|a Die germanischen Sprachen im Kreis des Indogermanischen
|c Peter Ernst, Gottfried Fischer
|
| 260 |
|
|
|a Wien
|b Edition Praesens
|c 2001
|
| 300 |
|
|
|a 115 s.
|b grafy, tab.
|c 21 cm
|
| 650 |
0 |
7 |
|a vývoj
|2 SNKPH
|9 276727
|
| 650 |
0 |
7 |
|a indoeurópske jazyky
|2 SNKPH
|9 1332
|
| 650 |
0 |
7 |
|a nemčina
|2 SNKPH
|9 1384
|
| 655 |
|
7 |
|a príručky
|2 SNKPH
|9 74364
|
| 655 |
|
7 |
|a štúdie
|2 SNKPH
|9 57033
|
| 700 |
1 |
|
|a Fischer, Gottfried
|4 aut
|9 689120
|
| 919 |
|
|
|a 3-7069-0117-X
|
| 999 |
|
|
|c 1071925
|d 1073855
|
| 952 |
|
|
|t P60, <04>, [BOOK], {604}
|a SNK
|b SNK
|y VYP
|7 0
|p 17A0359433
|o snkIC 130294
|i snkV 1271/2002
|0 0
|1 0
|4 0
|d 2002-10-17
|l 0
|r 2005-01-02 00:00:00
|w 2026-02-24
|